000 00636nam a22001937a 4500
005 20140910145243.0
010 _aENG-110771
020 _a9788183875479
_c495.00
035 _aEN-94303
037 _bDBAD/PUB
082 _a362.196979200954
100 _aBelal Ahmad
245 _aHIV/AIDS patients and their rehabilitation /
_cby Shekh Belal Ahmad
260 _aNew Delhi
_bSerials Publications
_c2012
270 _a4830/24, Prahlad Street, Ansari Road, Darya Ganj
_bNew Delhi
_e110002
300 _ax,115p.
_c22cm(Hb)
500 _aIncludes bibliographical references
942 _2ddc
_cEN
_h362.196979200954
_mBEL
999 _c88391
_d88391